[Event "FIDE-Wch k.o."]
[Site "Las Vegas"]
[Date "1999.08.04"]
[Round "2.2"]
[White "Nielsen, Peter Heine"]
[Black "Polgar, Judit"]
[Result "1/2-1/2"]
[WhiteElo "2560"]
[BlackElo "2671"]
[Annotator "Ribli,Z"]
[PlyCount "115"]
[EventDate "1999.07.31"]
[EventType "k.o."]
[EventRounds "7"]
[EventCountry "USA"]
[SourceTitle "CBM 072"]
[Source "ChessBase"]
[SourceDate "1999.10.01"]
[SourceVersion "1"]
[SourceVersionDate "1999.10.01"]
[SourceQuality "1"]

{[%mdl 5120]} 1. d4 Nf6 2. c4 e6 3. Nf3 d5 {Die stärkste Dame der Welt spielt
eigentlich gerne die Königsindische Verteidigung, aber sie hat die erste
Partie in diesem Miniwettkampf gewonnen, ist daher mit Remis zufrieden und
wählt eine sichere Eröffnung. Ribli.} 4. g3 Be7 5. Bg2 O-O 6. O-O dxc4 {
Die klassische Variante ist eine gute Wahl, denn die Aussicht auf Ausgleich
ist für Schwarz gut.} 7. Qc2 a6 8. Qxc4 b5 9. Qc2 Bb7 {Das ist der
Grundstellung der alten Variante (8.Qxc4) der Katalanische Eröffnung. Das
schwarze Hauptziel ist ...c7-c5 mit Ausgleich durchzusetzen. Weiss sollte dies
wenn möglich verhindern.} 10. Bd2 (10. Bf4 {Meines Erachtens bietet dieser Zug
Weiss die besten Aussichten auf Vorteil.}) (10. Bg5) 10... Be4 (10... Nc6 11.
e3 Nb4 12. Bxb4 Bxb4 13. a3 Bd6 $11) 11. Qc1 Nbd7 12. Ba5 {[%csl Rc7][%cal
Ra5d8] Der Läufer steht auf den ersten Blick sehr unangenehm, aber in
Wirklichkeit kann Schwarz die Drohungen leicht parieren.} Rc8 13. Nbd2 (13. Nc3
Ba8 $11) 13... Ba8 $5 14. Qc2 {Weiss verbessert die Damenstellung und wenn
möglich möchte er e2-e4 ziehen.} (14. Nb3 Qe8 15. Ne5 (15. Qe3 c5 16. dxc5 Nxc5
17. Nxc5 Bxc5 {0-1 Barlov,D-Morovic Fernandez,I/Vrsac 1985/EXT 99 (51)}) 15...
c5 $11) (14. Rd1 Qe8 15. b4 Bd6 16. Qc2 e5 17. Nxe5 Bxg2 18. Kxg2 Nxe5 19. dxe5
Qxe5 20. Nf3 Qe7 21. Nd4 c5 22. Nf5 Qb7+ 23. Kg1 Be5 {1/2-1/2 Suba,M-Morovic
Fernandez,I/Dubai (ol) 1986/Inf 42 (48)}) (14. Re1 Qe8 15. b4 Ne4 16. Nxe4 Bxe4
17. Qf4 f5 18. Rac1 Bd6 19. Ne5 Bxg2 20. Kxg2 Nf6 21. Qf3 Nd5 22. a3 {1/2-1/2
Polugaevsky,L-Geller,E/Moskva 1985/Inf 39 (22)}) (14. Qb1 Qe8 15. b4 Nb8 16. a3
Nc6 17. Nb3 Nd7 18. e4 e5 19. d5 Nxa5 20. Nxa5 c6 {1/2-1/2 Marin,M-Wells,P/
Odorheiu Secuiesc 1993/CBM 36 (53)}) 14... Nb8 {[%cal Gb8c6,Gc6a5] Schwarz
bereitet den Zug 15...Nc6 vor, um den Läufer a5 zu vertreiben. Auch die
Alternative ist für Schwarz gut spielbar.} (14... Qe8 15. b4 Nd5 16. a3 f5 17.
Rac1 (17. e3 Qh5 18. Rac1 Bd6 19. Qd1 Qh6 20. Qe2 N7f6 21. Rfd1 Ne7 $5 {
. 0-1 Galdunts,S-Vaganian,R/Moskva 1991/Inf 51/[Vaganian,R] (36)}) 17... Qh5
$11 18. Rfe1 N5f6 19. Ne5 $1 Nxe5 20. dxe5 Ng4 21. h3 Bxg2 22. Kxg2 Nxe5 23.
Qa2 Qf7 24. Bxc7 Ng6 $2 {1/2-1/2 Andersson,U-Lutz,C/Pamplona 1997/Inf 71/[Lutz,
Ch] (79)} (24... Bf6 $11)) 15. Nb3 {[%cal Gb3c5] Weiss verhindert vorerst den
Zug ...c7-c5, möchte selbst Nc5 mit spürbarem positionellen Druck spielen.} Be4
$5 $146 {Mit diesem Zug muss Weiss immer rechnen, wenn sein Springer nicht das
Feld e4 kontrolliert.} (15... Nc6 16. Bd2 Nb4 17. Bxb4 Bxb4 18. Rfc1 Bd6 19.
Nc5 a5 20. e3 Re8 {1/2-1/2 Van Dop,A-Kuijpers,F/Leeuwarden 1980/MCD (20)}) 16.
Qd2 (16. Qc1 $6 Nc6 17. Bd2 (17. Rd1 Nxa5 18. Nxa5 c5 $17) 17... Bxf3 18. Bxf3
Nxd4 19. Nxd4 Qxd4 20. Bb7 {[%cal Rb7a6,Rb7c8]} Rcd8 21. Be3 Qd6 $17) 16... Nc6
$15 {[%csl Ra5] Schwarz ist harmonisch entwickelt, während die weissen Figuren
schlecht koordinieren.} 17. Rfc1 (17. Bc3 b4 $19 {[%csl Rc3]}) 17... b4 {
[%csl Ra5][%cal Gd8d5,Gd5a5]} 18. Rxc6 {Früher oder später muss Weiss die
Qualität opfern, denn der Läufer a5 ist in schwerer Not.} Bxc6 19. Bxb4 Bxb4
20. Qxb4 {Weiss hat nur einen Bauern für die Qualität, aber seine
Bauernstruktur ist gesund.} Qd6 21. Qa5 {[%csl Ra6][%cal Ra5a6]} (21. Qxd6 cxd6
$17) 21... Bd5 {[%csl Gd5]} 22. Rc1 {[%cal Gc1c7]} (22. Nc5 Bxf3 23. Bxf3 Qxd4
$17) 22... Qb6 23. Nfd2 Rb8 (23... Qxa5 24. Nxa5 $15 {Schwarz steht wegen
seines Materialvorteils natürlich besser, aber Weiss hat etwas positionellen
Druck.}) 24. Qc5 a5 $1 {Der Marsch des a-Bauers ist gefährlich für Weiss.} (
24... Qxc5 25. Rxc5 $15) 25. Bxd5 (25. Qxa5 Qxa5 26. Nxa5 Rxb2 $17 {[%cal
Rb2a2,Rb2e2]}) (25. Nxa5 Qxc5 26. Rxc5 Rxb2 $17 {[%cal Rb2a2,Rb2e2]}) 25...
exd5 26. a4 {[%cal Gb8b2]} Qb4 {[%csl Gb4][%cal Rb4a4]} (26... Qxc5 27. Rxc5
$15) 27. Qxc7 (27. Qxb4 Rxb4 28. Rxc7 Rxa4 $17) 27... Qxa4 $17 {Nach
Vereinfachungen hat Schwarz klaren Materialvorteil. Weiss müsste, um im
Turnier nicht auszuscheiden, gewinnen, aber es ist eigentlich nicht mal Remis
in Sicht.} 28. Qc2 (28. Qxa5 Qxa5 29. Nxa5 Rxb2 30. Nab3 Rb8 $17) 28... Qb5 {
[%cal Gb8b2]} 29. e3 h6 (29... a4 30. Nc5 Qxb2 $17) 30. Qd1 Rfc8 31. Ra1 a4 (
31... Ne4 32. Nxe4 (32. Rxa5 Qd3 $17 {[%cal Gd3d1,Ge4d2] Die Fesselung der
Dame ist sehr unangenehm.}) 32... Qxb3 33. Qxb3 Rxb3 34. Nc5 Rxb2 35. Rxa5 $15)
32. Nc5 Qxb2 33. Nxa4 (33. Rxa4 Ra8 34. Nd3 Qc3 $17) 33... Qc2 34. Nc5 Rb2 (
34... Qxd1+ 35. Rxd1 Rb2 $15) 35. Qxc2 Rxc2 36. Ndb3 $15 {[%csl Gb3,Gc5] Weiss
hat eine Qualität weniger, aber er hat keine Schwächen und Schwarz hat wenig
Raum für seine Türme.} Rb8 37. h3 Rb2 38. Nc1 {[%cal Gc1d3]} (38. Ra3 Ne4 39.
Nxe4 dxe4 $17) 38... Rb1 39. Rxb1 Rxb1 40. N5d3 Ne4 41. Kg2 {Schwarz hat eine
schwere technische Aufgabe in der Verwertung der Mehrqualität. Die weisse
Stellung weist keine Schwächen auf.} Kf8 42. Ne2 {[%cal Ge2f4,Gd3f4]} g5 {
Schwarz lässt Nf4 nicht zu.} 43. g4 {[%cal Ge2g3,Gg3f5]} Ke7 44. Ng3 Nxg3 (
44... Nd6 $15) (44... Ke6 45. Nxe4 dxe4 46. Nc5+ Kd5 47. Nd7 {[%csl Re4][%cal
Rd7f6,Rf6d5,Rf6e4]} Ke6 48. Nc5+ $11) 45. Kxg3 Rb3 46. Ne5 {[%csl Ge5]} Rc3 (
46... f6 47. Nf3 Ke6 48. h4 $15) 47. h4 {Natuerlich möchte Weiss soviel
Material wie möglich tausch, aber meines Erachtens ist der schwarze
Materialvorteil hier kaum noch zu verwerten.} Ke6 48. hxg5 hxg5 49. Nf3 f6 50.
Nh2 Rc8 51. Nf1 f5 (51... Rc1 52. Nh2 $15) 52. gxf5+ Kxf5 53. Nh2 Rc1 54. f3 (
54. Ng4 $4 Rg1+) 54... Ra1 55. Ng4 $11 {Weiss hat eine Festung. Alles ist
verteidigt und Schwarz kann nicht vorankommen.} Rg1+ (55... Ra2 56. Kh3 $11)
56. Kf2 (56. Kh3 $2 Rxg4 57. fxg4+ Ke4 $19) 56... Rxg4 57. fxg4+ Ke4 (57...
Kxg4 58. e4 dxe4 59. Ke3 Kf5 60. d5 g4 61. d6 $11) 58. Ke2 $8 {[#]Patt - Eine
Seltenheit auf dem Brett in der GM-Praxis.} 1/2-1/2

[Event "MK Cafe Cup-A"]
[Site "Koszalin"]
[Date "1999.08.05"]
[Round "3"]
[White "Filippov, Valerij"]
[Black "Sulskis, Sarunas"]
[Result "1/2-1/2"]
[WhiteElo "2605"]
[BlackElo "2521"]
[Annotator "Ribli,Z"]
[PlyCount "158"]
[EventDate "1999.08.03"]
[EventType "swiss"]
[EventRounds "9"]
[EventCountry "POL"]
[SourceTitle "CBM 073"]
[Source "ChessBase"]
[SourceDate "1999.12.01"]
[SourceVersion "1"]
[SourceVersionDate "1999.12.01"]
[SourceQuality "1"]

{[%mdl 5120]} 1. Nf3 d5 2. d4 Nf6 3. c4 e6 4. g3 Be7 5. Bg2 O-O 6. O-O dxc4 {
Grossmeister Sulskis spielt gerne die klassische Variante der Katalanischen
Eröffnung. Schwarz nimmt den c4-Bauern, kan diesen zwar nicht halten, nutzt
aber die Zeit, die Weiss zum Rückgewinn braucht, für die Entwicklung. Ribli.}
7. Qc2 a6 8. a4 {Heutzutage spielt man in der Grossmeisterpraxis diese
Variante lieber als die alte Fortsetzung 8.Qxc4, wonach Schwarz 8...b5 9.Qc2
Bb7 ziehen kann. Der Textzug schwächt das Feld b4, aber verhindert die
schwarze Entwicklungsaktion mit ...b7-b5.} c5 9. Nbd2 {Eine Nebenvariante. 9.
dxc5 wird häufiger gespielt.} (9. dxc5 $5 Nc6 10. Na3 Bxc5 11. Nxc4 Qe7 12. Bf4
$5 Nd5 13. Bd2 Ndb4 14. Qb3 a5 (14... f6 15. a5 Kh8 16. Nb6 Bxb6 17. axb6 {
1-0 Tkachiev,V-Bryson,D/Cappelle 1994/EXT 99 (26)}) 15. Nce5 b6 16. Bg5 Qa7 17.
Nxc6 Nxc6 18. Be3 Ba6 19. Ng5 Rac8 20. Qc2 g6 21. Qe4 {0-1 Kamsky,G-Speelman,J/
Linares 1991 . [Ribli Zoltán] (46)}) (9. Rd1 Nc6 10. Na3 Nb4 11. Qb1 b5 (11...
Bd7 12. dxc5 Qc7 13. Nxc4 Bxc5 14. Nce5 Be8 15. Bf4 {1-0 Krivoshey,S-Krajcovic,
B/Prievidza 1998/EXT 99 (28)}) 12. axb5 axb5 13. Nxb5 Bb7 14. Bg5 Rxa1 15. Qxa1
Qb6 16. Na3 Bd5 17. Ne5 Qb7 18. Bxd5 exd5 19. dxc5 Qc7 20. Nf3 Ne4 21. Be3 Bxc5
$13 {Zeit. 1-0 Podzielny,K-Goehring,K/BL 1983/BL 80 (47)}) 9... cxd4 10. Nxc4 {
[%csl Rd4,Ye5][%cal Gf1d1,Gd1d8] Weiss hat einen Bauern weniger, aber der
d4-Bauer ist Angriffspunkt des weissen Spiels und Schwarz kann ihn nicht
nachhaltig verteidigen.} Nc6 11. Rd1 Nd5 {Schwarz strebt mit dem Springer nach
b4.} (11... Bc5 12. Nfe5 $44 (12. e3 Nb4 13. Qb3)) 12. Nxd4 $5 {Das ist
eigentlich ein Qualitätsopfer und wurde bisher nie gespielt.} (12. Bf4 Nxf4 13.
gxf4 Bf6 14. Nfe5 Bxe5 15. fxe5 Bd7 16. Ra3 f5 17. f4 Rc8 18. Qd2 Rc7 19. Nd6
Kh8 20. b4 b6 21. b5 axb5 22. axb5 Na5 23. Qxd4 {1-0 Bator,R-Nielsen,P/
Copenhagen op 1991/TD 91\06 (43)}) (12. a5 Bd7 13. Qb3 Bc5 14. Kh1 Qe7 15. e3
dxe3 16. fxe3 {1/2-1/2 Ioseliani,N-Ciuksyte,D/Pula 1997/EXP 57/[GEO - LTU] (16)
}) 12... Ndb4 13. Nxc6 (13. Qc3 e5 $19 {[%csl Rd1,Rd4][%cal Rd8d1]}) 13... Nxc2
14. Nxd8 Nxa1 15. Nxb7 {[%cal Gg2a8]} Bxb7 (15... Nb3 16. Nba5 Nxa5 17. Nxa5
Rb8 18. Nc6 Rb7 19. b4 $44 {[%csl Gc6]} Bxb4 20. Nxb4 Rxb4 21. Ba3 $11) (15...
Rb8 16. Bf4 Bxb7 (16... Rxb7 17. Bxb7 Bxb7 18. Rxa1 Rd8 $44) 17. Bxb8 Rxb8 18.
Bxb7 Rxb7 19. Rxa1 Rb4 20. Rc1 Rxa4 21. Kg2 $11 (21. Nb6 Rd4 $11)) (15... Ra7
16. Be3 Rxb7 17. Bxb7 Bxb7 18. Rxa1 Rd8 $44) 16. Bxb7 $44 {Weiss hat einen
Bauern, Läuferpaar und gutes Figurenspiel für die Qualität.} Rad8 (16... Rab8
17. Bxa6 $14) 17. Rf1 (17. Rxd8 Rxd8 {[%cal Rd8d1,Rd1g1,Rd1c1]} 18. Bf4 $44)
17... Nb3 (17... Nc2 18. Bxa6) 18. Bxa6 {Weiss hat schon zwei Bauern für die
Qualität. Seine Damenflügelbauern sind eine potentielle Gefahr für Schwarz.}
Ra8 19. Bb5 Nd4 {[%cal Gd4b5,Rd4e2,Re2g1]} 20. Be3 {Weiss beschäftigt sich
nicht mit dem e2-Bauer, denn die Annahme wäre für Schwarz sehr gefährlich.}
Nxb5 (20... Nxe2+ 21. Kg2 {[%csl Re2]} Rad8 22. Bb6 $14 {[%csl Ga4][%cal Ga4a5]
}) 21. axb5 $11 {[%csl Gb5,Gc4,Ge3] Die Stellung ist materiell in dynamischem
Gleichgewicht. Weiss hat zwei Bauern für die Qualität. Seine Bauern sind
schwach (Doppelbauern), aber gleichzeitig stark (Freibauern).} Rfb8 (21... Ra4
22. Ne5 {[%csl Yc6][%cal Ge5c6]}) 22. b6 {[%csl Gb6,Ge3]} Rb7 23. Rb1 {Weiss
möchte 24.b4 mit der Idee 25.Na5 oder 25.Bc5 ziehen.} Bb4 {[%csl Gb4]} 24. Bf4
{[%cal Gf4c7]} h5 25. Bc7 h4 $6 {Schwarz möchte soviel Material wie möglich
tauschen. Meines Erachtens hilft dieser Zug nur Weiss.} (25... g6 $11) (25...
Rc8 $11) 26. gxh4 {Der Bauer ist ein Bauer.} Rc8 {Früher oder später muss
Weiss mit dem Qualitätsopfer rechnen, denn der b7-Turm eingeschlossen.} 27. Rd1
$14 Kh7 28. Kg2 (28. Rd7 $5 $16) 28... Be7 {[%cal Ge7h4]} 29. h5 $6 (29. Rd7
$16 {[%csl Gd7][%cal Rd7h7]}) 29... Rcxc7 $8 {Das ist die einzige praktische
Gegenchance für Schwarz. Er opfert die Qualität zurück.} 30. bxc7 Rxc7 31. b3 {
Weiss hat zwei Mehrbauern, aber die h-Bauern sind schwach und der b-Bauer noch
weit hinten.} Rb7 32. Rd3 Kh6 {[%csl Rh5]} 33. f4 (33. Rh3 $14 {[%csl Rh3] Auf
diese Weise kann Weiss beide Bauern verteidigen, aber das wäre ein sehr
passiver Platz für den Turm.}) 33... f6 {[%cal Gf6e5]} (33... Kxh5 34. Ne5 {
[%csl Rh5][%cal Re5f7] Es droht 35.Rh3+ Bh4 36.Nf3 mit Figurengewinn.}) 34. Re3
{[%csl Re6]} Bc5 35. Rxe6 Rxb3 $16 {Weiss hat vier Bauern gegen zwei am
Königsflügel. Schwarz muss sehr genau spieln, um den Partieverlust zu
verhindern.} 36. Rc6 Rb5 37. Rc7 Bb4 (37... Kxh5 38. Rxg7 $16) 38. e4 Rc5 {
Das ist die beste Möglichkeit für Schwarz. Nach dem Turmtausch er kann den
h5-Bauern gewinnen und hat wegen des reduzierten Materials Remischancen.} (
38... Rxh5 39. Ne3 {[%cal Ge3f5]} Bf8 40. Rf7 {[%csl Rf8]} Bd6 41. Nf5+ Rxf5
42. exf5 Bxf4 43. h4 Kh5 44. Rxg7 Kxh4 45. Kf3 $18) 39. Rxc5 Bxc5 40. Kf3 Kxh5
$14 {Bei Bauern auf einem Flügel ist der Springer gewöhnlich die bessere
Leichtfigur, aber mit zwei gegen drei Bauern hat Schwarz Remischancen.} 41. Ne3
Kg6 (41... Bxe3 $2 42. Kxe3 $18 {Schwarz darf nie die Leichtfiguren tauschen.})
42. Nf5 Kf7 43. Kg4 Bg1 44. h3 Bc5 {Schwarz kann nur abwarten.} 45. Nh4 {
Weiss verbessert seine Springerstellung und möchte den Springer nach f5, e6
oder g6 bringen.} Bf2 46. Nf3 Bc5 47. Ne1 {[%cal Ge1d3,Ge1c2]} Bf2 48. Nd3 {
[%csl Gd3]} Be3 49. f5 {[%cal Gd3f4,Gf4g6,Gf4e6]} Bb6 (49... g6 50. Nf4 gxf5+
51. Kxf5 $14 (51. exf5 $14)) 50. Nf4 Bc7 {[%cal Gc7b8,Gc7h2] Das ist die
ideale Diagonale für Schwarz.} 51. Kf3 Bd6 52. Ke3 Be5 53. Ng6 Bc7 54. Kd4 Bb8
55. Kc5 {Das Eindringen des Königs scheint gefährlich zu sein.} (55. e5 fxe5+
56. Nxe5+ Kf6 57. Nd7+ {[%cal Rd7b8,Rd7f6]} Kxf5 58. Nxb8 Kf4 $11 {[%cal Rf4g3,
Rg3h3] Schwarz holt den letzten weissen Bauern.}) 55... Bg3 56. Kd5 Bh2 57. Kc6
Ke8 (57... Bg3 $14) 58. Nh4 Ke7 59. Nf3 Bf4 60. Nd4 Be3 61. Ne6 g6 (61... Kf7
62. Kd7 g6 $14) 62. Nc7 {[%cal Rc7d5,Rd5e7,Rd5e3]} Kf7 63. Kd7 {[%csl Gd7]
Endlich ist der weisse König auf d7, aber Schwarz kann weiteres Material
tauschen.} gxf5 64. exf5 Bd4 65. Nb5 Bb2 66. Nd6+ Kf8 (66... Kg7 67. Ke6 $14)
67. Ke6 Bd4 (67... Kg7 $2 68. Ne8+ {[%cal Re8f6,Re8g7]}) 68. Nb5 Bb2 69. Nc7
Be5 70. Nd5 Kg7 71. Ne3 Bc3 72. Ng4 Bd4 73. h4 {[%csl Gh4][%cal Gh4h5,Gh5h6]}
Bc3 74. h5 Bb2 75. Nxf6 (75. h6+ Kh7 76. Nxf6+ Kxh6 $11 {Weiss hat einen
Bauern mehr, aber die Stellung ist theoretisch Remis. Der f-Bauer allein ist
nicht genug zum Gewinn.}) 75... Kh6 76. Ng4+ (76. Kf7 Kg5 $11) 76... Kxh5 $11
77. Ne5 {[%cal Rf5f6,Rf6f7,Rf7f8]} (77. f6 Bxf6 $11) 77... Kh6 78. f6 Kh7 {
Dieses Endspiel ist immer Remis, wenn der König des Verteidigers in der Nähe
des Bauern ist.} 79. f7 Kg7 {Und hier wurde Remis vereinbart.} 1/2-1/2

[Event "Monarch Assurance 08th"]
[Site "Port Erin"]
[Date "1999.11.12"]
[Round "7"]
[White "Parker, Jonathan"]
[Black "Baburin, Alexander"]
[Result "1-0"]
[WhiteElo "2523"]
[BlackElo "2593"]
[Annotator "Ribli,Z"]
[PlyCount "67"]
[EventDate "1999.11.06"]
[EventType "swiss"]
[EventRounds "9"]
[EventCountry "IOM"]
[SourceTitle "CBM 074"]
[Source "ChessBase"]
[SourceDate "2000.02.01"]
[SourceVersion "1"]
[SourceVersionDate "2000.02.01"]
[SourceQuality "1"]

{[%mdl 10240]} 1. d4 d5 2. Nf3 e6 3. g3 Nf6 4. Bg2 Be7 5. O-O O-O 6. c4 dxc4 7.
Ne5 {Nach meiner persöhnlichen Meinung ist dieser Springerzug besser als 7.Na3,
aber ich glaube trotzdem, dass die Hauptvariante 7.Qc2 Weiss die beste Chancen
auf Eröffnungsvorteil bietet.} Nc6 {Ähnlich wie in der Nc3-Variante (wir haben
dieselbe Stellung, aber statt Rochade ist Nc3 gespielt) opfert Schwarz einen
Bauern für aktives Gegenspiel.} 8. Bxc6 (8. Nxc6 bxc6 9. Na3 Bxa3 10. bxa3 $13)
8... bxc6 9. Nxc6 Qd7 10. Nxe7+ Qxe7 11. Qa4 {[%csl Rc4,Yg2,Yh3] Der c4P ist
nicht zu halten, aber Schwarz bekommt Spiel auf den weißen Feldern und gegen
die geschwächte weiße Königsstellung.} e5 {Dieser Zug ist nicht schlecht, aber
der andere Bauernzug scheint mir logischer.} (11... c5 12. Qxc4 cxd4 13. Qxd4
Rd8 $5 14. Qh4 Rb8 15. b3 Ba6 16. Nc3 (16. Ba3 Qc7 17. Bb2 e5 $44) 16... Qc5
17. Ne4 (17. Bb2 Qf5 $1 $44 {Ribli,Z}) 17... Nxe4 18. Qxe4 Rb4 19. Qe3 Qc2 $1
20. Ba3 Re4 21. Rfc1 Qxe2 {1/2-1/2 Krasenkow,M-Ribli,Z/Deutschland 72/(444)
1998 (21)}) 12. dxe5 Qxe5 13. Qxc4 Be6 14. Qc2 (14. Qa6 Bh3 15. Re1 Qd5 16. f3
Ng4 17. Nc3 Qc5+ 18. e3 Ne5 19. Qe2 Rad8 20. Rd1 h6 21. Bd2 f5 22. Be1 Qc6 23.
Rxd8 Rxd8 24. Kf2 f4 25. Bd2 Nxf3 26. Rd1 Nd4 {0-1 Spiridonov,N-Geller,E/Novi
Sad 1978/Inf 26 (26)}) (14. Qd3 $5 Rad8 (14... Nd5 $5 15. Nc3 Nxc3 16. bxc3
Rad8 $44 {Ziatdinov,R}) 15. Qe3 Qh5 16. f3 Nd5 (16... Rfe8 17. Qg5 Bc4 18. Qxh5
Nxh5 19. Re1 $1 Rxe2 20. Rxe2 Bxe2 21. Kf2 Bc4 22. Nc3 $16 {Pigusov,E-Raecky,A/
USSR 1988/Inf 46 (22)}) 17. Qg5 $2 (17. Qc5 $1 $14) 17... Qh3 18. Bd2 h6 $6 (
18... Rfe8 $1 $15) 19. Qh4 Qxh4 20. gxh4 Rfe8 21. Kf2 $8 Nb6 22. b3 Bc8 23. Rg1
Ba6 24. e4 f5 $5 25. Bxh6 fxe4 26. Nc3 $8 e3+ 27. Bxe3 $1 Rxe3 28. Kxe3 Rd3+
29. Kf2 Rxc3 30. Rac1 Rxc1 31. Rxc1 $11 {Teplicky-Ziatdinov,R/USSR 1988/Inf 46
(31)}) 14... Bf5 (14... Nd5 15. Re1 Nb4 16. Qa4 Nd3 17. Rf1 Qxe2 18. Nc3 Qf3
$13 {1-0 Gruenenwald,J-Wagman,S/Mendrisio 1988/EXT 97 (74)}) 15. Qd2 $146 {
[%cal Gd2e3] Das ist die Abweichung von der Theorie und vom das Remis.} (15.
Qc4 Be6 {1/2-1/2 Kirov,N-Geller,E/Sochi 1976/Inf 23 (15)}) 15... Bh3 $44 (15...
Rad8 16. Qe3 Qa5 17. Nc3 Rfe8 $44) 16. Re1 $5 (16. Rd1 Rfe8 {[%cal Re8e2]} 17.
Nc3 Ne4 18. Qe3 Nxc3 19. bxc3 Qh5 $36) 16... Rad8 17. Qe3 Qd5 $6 {[%csl Rg2]
[%cal Rd5g2]} (17... Qh5 $5 18. Nc3 (18. f3) 18... Rfe8 $36 {[%csl Gd8,Ge8,Gh3,
Gh5]} (18... Ng4 $6 19. Qg5 $14) 19. Qf4 (19. Qg5 Qf3 $19 {[%csl Rg2][%cal
Rf3g2]}) 19... Nd5 20. Qh4 Qxh4 21. gxh4 Nxc3 22. bxc3 Rxe2 23. Bf4 $11) 18. f3
Ng4 $6 (18... Rfe8 $44) 19. Qc3 (19. Qxa7 $6 Rfe8 $44) 19... Rfe8 20. Na3 $1 {
Der Springer steht nicht besonders gut auf a3, aber wichtiger ist, dass Weiss
so schnell wie möglich die Türme verbindet.} (20. e4 Qb7 21. Na3 (21. fxg4 Rxe4
$19 {[%csl Gb7,Ge4,Rg1,Rg2,Gh3][%cal Rb7g2] Schwarz hat überlegenen Angriff -
Weiss kann die vielseitige Drohungen nicht verteidigen.}) 21... Ne5 $44 {
[%csl Yd3]}) 20... Rxe2 $2 {Diese Kombination ist schön, aber letztlich
schlecht.} (20... Ne5 21. Bf4 $14) 21. Rxe2 Qxf3 22. Bh6 $6 $16 {[%csl Rg7]
[%cal Ga1g1,Rc3g7] Weiss möchte sich nicht mit passiver Verteidigung aufhalten,
er möchte die Damen tauschen und das Endspiel gewinnen.} (22. Qe1 $5 $18 {
Es ist schwer vorzustellen, was Schwarz für den Turm hat.}) (22. Qxf3 Rd1+ $19
{[%csl Rg1][%cal Rd1g1]}) 22... Qxc3 23. bxc3 gxh6 (23... Nxh6 24. Rae1 Be6 25.
Nb5 $18) 24. Nb5 {[%cal Rb5c7,Rb5a7,Gb5d4]} Rd5 25. a4 (25. Nxc7 Rc5 26. Ne8
$18) 25... a5 26. Nxc7 Rc5 27. Nb5 $18 {[%csl Gb5] Schwarz hat eine klare
Qualität weniger und die Leichtfiguren am Königsflügel haben keine Drohungen.}
Ne5 {[%cal Ge5f3,Gf3g1]} 28. Re3 Nc4 29. Re4 Nd2 30. Rf4 {[%csl Gf4] Der Turm
steht ausgezeichnet auf f4 und verteidigt die ganze Stellung.} Re5 31. Rd1 Ne4
32. Re1 {[%csl Re4,Re5][%cal Re1e5]} f5 33. Rh4 {[%csl Rh3][%cal Rh4h3]} Bg4
34. h3 {[%csl Rg4] Schwarz gab auf, da er weiteres Material verliert - der
Läufer hat keinen Platz.} (34. h3 Bf3 35. Nd4 $18 {[%csl Rf3][%cal Rd4f3]}) 1-0